00996 2200325 4500001002100000005001500021035002000036007000300056008004100059020002200100082001600122084001800138100003500156245010600191250002400297300002500321650001900346264002800365336002100393337003000414338002300444040002200467090002200489850001200511504003400523999002200557700002100579500004800600990002200648INLIS00000000089604520250509115243 a0010-0525000291ta250509s2025 yoi g ind d a978-623-89034-9-804223a297.227 a297.227 FAD j0 aFadillah Ulfa,cHj.ePengarang10aJika masa depan sudah ditakdirkan, untuk apa manusia berusaha? /cHj. Fadillah Ulfa; penyunting, Albi aCetakan Kedua, 2025 a164 halaman ;c20 cm 4aQada dan qadar31aSleman :bSketsa,c2025 2rdacontentateks 2rdamediaatanpa perantara 2rdacarrieravolume aYOPDYOGbinderda aCB-D.11 2025-0723 aYOPDYOG aBibliografi : halaman 159-162 aCB-D.11/2025-07230 aAlbiePenyunting ateks dalam bahasa Indonesia dan bahasa Arab aCB-D.11/2025-0723